[Event "Titled Tuesday intern op 09th Jan Early"]
[Site "Chess.com INT"]
[Date "2024.01.09"]
[Round "2"]
[White "Coelho, Ramyres Santana"]
[Black "Osmak, Iulija"]
[Result "0-1"]
[WhiteElo "1981"]
[BlackElo "2450"]
[PlyCount "66"]
[EventDate "2024.01.09"]
[EventType "swiss (blitz)"]
[EventRounds "11"]
[EventCountry "USA"]
[SourceTitle "CB03_2024"]
[SourceDate "2024.01.17"]
[SourceVersion "1"]
[SourceVersionDate "2024.01.17"]
[SourceQuality "1"]

1. e4 e5 2. Nf3 Nc6 3. d4 exd4 4. Bc4 Bb4+ 5. c3 dxc3 6. 0-0 d6 7. a3 Ba5 8. b4 Bb6 9. Nxc3 Nf6 10. Bg5 h6 11. Bh4 g5 12. Nxg5 hxg5 13. Bxg5 Rg8 14. h4 Bd4 15. Rc1 Be6 16. Qb3 Bxc4 17. Qxc4 Bxc3 18. Rxc3 Qe7 19. b5 Ne5 20. Qxc7 Qxc7 21. Rxc7 Nxe4 22. Rxb7 Nxg5 23. hxg5 0-0-0 24. Rxa7 Kb8 25. Re7 Rde8 26. Rxe8+ Rxe8 27. f4 Ng4 28. a4 Re4 29. a5 Rb4 30. b6 Rb5 31. Rd1 Rxa5 32. Rxd6 Ra1+ 33. Rd1 Rxd1# 0-1

[Event "Titled Tuesday intern op 26th Sep Late"]
[Site "Chess.com INT"]
[Date "2023.09.26"]
[Round "2"]
[White "Przybylski, Wojciech"]
[Black "Coelho, Ramyres Santana"]
[Result "1-0"]
[WhiteElo "2308"]
[BlackElo "1981"]
[PlyCount "55"]
[EventDate "2023.09.26"]
[EventType "swiss (blitz)"]
[EventRounds "11"]
[EventCountry "USA"]
[SourceTitle "EXT 2024"]
[Source "ChessBase"]
[SourceDate "2023.10.10"]
[SourceVersion "1"]
[SourceVersionDate "2023.10.10"]
[SourceQuality "1"]

1. e4 c5 2. Nf3 d6 3. d4 cxd4 4. Nxd4 Nf6 5. Nc3 a6 6. Bg5 e6 7. f4 Qb6 8. Nb3 Be7 9. Bd3 0-0 10. Qe2 h6 11. Bh4 Nc6 12. Bf2 Qc7 13. 0-0-0 b5 14. g4 b4 15. Nb1 Nd7 16. h4 a5 17. g5 a4 18. gxh6 axb3 19. hxg7 Qa5 20. gxf8Q+ Kxf8 21. axb3 Bf6 22. Bb5 Ncb8 23. Ba4 Nb6 24. e5 Nxa4 25. exf6 Nd7 26. Bd4 Nac5 27. Qg2 Ba6 28. Qxa8+ 1-0

[Event "Titled Tuesday intern op 19th Sep Late"]
[Site "Chess.com INT"]
[Date "2023.09.19"]
[Round "2"]
[White "Coelho, Ramyres Santana"]
[Black "Diano, Eden"]
[Result "0-1"]
[WhiteElo "1981"]
[BlackElo "2100"]
[PlyCount "108"]
[EventDate "2023.09.19"]
[EventType "swiss (blitz)"]
[EventRounds "11"]
[EventCountry "USA"]
[SourceTitle "EXT 2024"]
[Source "ChessBase"]
[SourceDate "2023.10.10"]
[SourceVersion "1"]
[SourceVersionDate "2023.10.10"]
[SourceQuality "1"]

1. e4 c5 2. Nf3 a6 3. d4 cxd4 4. Nxd4 Nf6 5. Nc3 e5 6. Nf3 Bb4 7. Bc4 Qc7 8. Bb3 Bxc3+ 9. bxc3 Qxc3+ 10. Bd2 Qc7 11. Qe2 h6 12. 0-0 Nc6 13. Nh4 d6 14. Nf5 Bxf5 15. exf5 Nd4 16. Qd3 Rc8 17. f4 Qc5 18. Kh1 Ng4 19. fxe5 Nxb3 20. cxb3 Nf2+ 21. Rxf2 Qxf2 22. Rf1 Qc5 23. exd6 0-0 24. f6 Rfd8 25. fxg7 Rxd6 26. Qf3 Qd5 27. Qg4 Rc2 28. Bf4 Rg6 29. Qh3 Rgxg2 30. Qf3 Qxf3 31. Rxf3 Rgf2 32. Rxf2 Rxf2 33. Bxh6 Rxa2 34. h4 Rb2 35. h5 Rxb3 36. Kh2 Rb5 37. Bf4 Rxh5+ 38. Kg3 Kxg7 39. Kf3 Rf5 40. Ke4 Rxf4+ 41. Kxf4 Kf6 42. Ke4 Kg5 43. Kd4 f5 44. Kc5 f4 45. Kb6 f3 46. Kxb7 f2 47. Kxa6 f1Q+ 48. Ka5 Qc4 49. Kb6 Kf5 50. Ka5 Ke5 51. Kb6 Kd6 52. Ka5 Qb3 53. Ka6 Kc6 54. Ka5 Qb5# 0-1

[Event "Titled Tuesday intern op 22nd Aug Early"]
[Site "Chess.com INT"]
[Date "2023.08.22"]
[Round "7"]
[White "Shuvalov, Evgenij"]
[Black "Coelho, Ramyres Santana"]
[Result "1-0"]
[WhiteElo "2073"]
[BlackElo "1981"]
[PlyCount "85"]
[EventDate "2023.08.22"]
[EventType "swiss (blitz)"]
[EventRounds "11"]
[EventCountry "USA"]
[SourceTitle "EXT 2024"]
[Source "ChessBase"]
[SourceDate "2023.10.10"]
[SourceVersion "1"]
[SourceVersionDate "2023.10.10"]
[SourceQuality "1"]

1. d4 Nf6 2. c4 g6 3. Nc3 d6 4. e4 Bg7 5. Nf3 0-0 6. Be2 e5 7. 0-0 Nc6 8. d5 Ne7 9. Ne1 Nd7 10. f3 f5 11. g4 f4 12. h4 Nf6 13. Rf2 h5 14. g5 Nh7 15. Nd3 b6 16. Bf1 a5 17. a3 Bd7 18. b3 Nc8 19. Rg2 Rf7 20. Bb2 Bf8 21. b4 Be7 22. c5 Bh3 23. Rh2 Bxf1 24. Qxf1 Nxg5 25. hxg5 Bxg5 26. Nb5 axb4 27. axb4 Rxa1 28. Qxa1 bxc5 29. bxc5 Bh4 30. Qa8 Bg3 31. Rc2 Rf8 32. cxd6 cxd6 33. Rxc8 Qxc8 34. Qxc8 Rxc8 35. Nxd6 Rc2 36. Bxe5 g5 37. Nf5 Rd2 38. Nb4 h4 39. Bc3 Re2 40. Nh6+ Kh7 41. Ng4 h3 42. d6 Rg2+ 43. Kf1 1-0

[Event "Titled Tuesday intern op 15th Aug Late"]
[Site "Chess.com INT"]
[Date "2023.08.15"]
[Round "4"]
[White "Hirneise, Jens"]
[Black "Coelho, Ramyres Santana"]
[Result "0-1"]
[WhiteElo "2277"]
[BlackElo "1981"]
[PlyCount "196"]
[EventDate "2023.08.15"]
[EventType "swiss (blitz)"]
[EventRounds "11"]
[EventCountry "USA"]
[SourceTitle "EXT 2024"]
[Source "ChessBase"]
[SourceDate "2023.10.10"]
[SourceVersion "1"]
[SourceVersionDate "2023.10.10"]
[SourceQuality "1"]

1. c4 e5 2. Nc3 Ne7 3. e4 g6 4. d4 Bg7 5. dxe5 Bxe5 6. Nf3 Bg7 7. h4 d6 8. h5 0-0 9. h6 Bh8 10. Bg5 Be6 11. Qd2 f6 12. Be3 Nbc6 13. 0-0-0 Ne5 14. Nd5 Nxd5 15. exd5 Nxf3 16. gxf3 Bf7 17. Bh3 b5 18. cxb5 a6 19. b6 cxb6 20. Kb1 a5 21. Rhg1 a4 22. Be6 b5 23. Bd4 b4 24. Qd3 Bxe6 25. dxe6 f5 26. Bxh8 Kxh8 27. Qxd6 Qxd6 28. Rxd6 Rfe8 29. f4 Kg8 30. Re1 Re7 31. Kc2 Rc8+ 32. Kd3 b3 33. axb3 axb3 34. Re2 Kf8 35. Rb6 Rd8+ 36. Kc3 Rc7+ 37. Kxb3 Ke7 38. Re3 Rd4 39. Rb4 Rd2 40. f3 Rd6 41. Rb5 Rd2 42. Rc3 Rxc3+ 43. Kxc3 Rf2 44. Rb7+ Kxe6 45. Rxh7 Rxf3+ 46. Kc2 Rxf4 47. Kc3 Rf2 48. b3 Rf3+ 49. Kb4 Rf4+ 50. Ka3 Rf3 51. Rg7 Kf6 52. Rg8 Rh3 53. Rh8 g5 54. Ka4 f4 55. b4 f3 56. b5 Kg6 57. Rf8 g4 58. Rg8+ Kf5 59. b6 Rxh6 60. b7 Rb6 61. b8Q Rxb8 62. Rxb8 g3 63. Rg8 f2 64. Rxg3 f1Q 65. Rc3 Qa1+ 66. Kb3 Ke4 67. Rc4+ Kd3 68. Rc5 Qb1+ 69. Ka4 Kd4 70. Rb5 Qa2+ 71. Kb4 Qc4+ 72. Ka5 Qa2+ 73. Kb6 Kc4 74. Rc5+ Kd4 75. Rb5 Qa4 76. Rc5 Qb4+ 77. Rb5 Qd6+ 78. Ka5 Kc4 79. Rb6 Qc7 80. Ka6 Qc8+ 81. Ka5 Qc7 82. Ka6 Kc5 83. Rb5+ Kc6 84. Rb4 Qc8+ 85. Ka7 Qc7+ 86. Ka6 Kc5 87. Rb5+ Kc4 88. Rb7 Qc8 89. Kb6 Qe6+ 90. Kc7 Kc5 91. Rb8 Qd6+ 92. Kb7 Qc6+ 93. Ka7 Qc7+ 94. Rb7 Qc8 95. Rb8 Qc7+ 96. Rb7 Qa5+ 97. Kb8 Kc6 98. Ra7 Qd8# 0-1

[Event "Titled Tuesday intern op 04th Jul Late"]
[Site "Chess.com INT"]
[Date "2023.07.04"]
[Round "4"]
[White "Coelho, Ramyres Santana"]
[Black "Karas, Marek"]
[Result "0-1"]
[WhiteElo "1981"]
[BlackElo "2227"]
[PlyCount "132"]
[EventDate "2023.07.04"]
[EventType "swiss (blitz)"]
[EventRounds "11"]
[EventCountry "USA"]
[SourceTitle "EXT 2024"]
[Source "ChessBase"]
[SourceDate "2023.10.10"]
[SourceVersion "1"]
[SourceVersionDate "2023.10.10"]
[SourceQuality "1"]

1. e4 c5 2. Nf3 Nc6 3. d4 cxd4 4. Nxd4 g6 5. Nc3 Bg7 6. Be3 Nf6 7. f3 d5 8. exd5 Nxd5 9. Nxd5 Qxd5 10. Nxc6 Qxc6 11. a4 0-0 12. c3 Bf5 13. Be2 Rfd8 14. Qc1 a6 15. 0-0 Rac8 16. Rd1 h5 17. Rxd8+ Rxd8 18. Qe1 Qe6 19. Bf2 Qb3 20. Qc1 Kh7 21. h3 Bh6 22. Be3 Bxe3+ 23. Qxe3 Qxb2 24. Rf1 Be6 25. Rd1 Rxd1+ 26. Bxd1 Qa1 27. Qd3 Bb3 28. Kh2 Qxd1 29. Qe4 Qd6+ 30. Kg1 b6 31. h4 b5 32. axb5 axb5 33. f4 Be6 34. Kh2 Qd2 35. Qf3 Qe1 36. Qg3 Qxg3+ 37. Kxg3 Bf5 38. Kf3 Kg7 39. Ke3 Kf6 40. Kd4 Ke6 41. g3 Kd6 42. c4 bxc4 43. Kxc4 Bd7 44. Kd4 Ke6 45. Ke4 Bc6+ 46. Ke3 Kf5 47. Kd4 Kg4 48. Kc5 Kxg3 49. Kxc6 Kxf4 50. Kd7 g5 51. hxg5 Kxg5 52. Kxe7 h4 53. Kxf7 h3 54. Ke7 h2 55. Ke6 h1Q 56. Ke5 Qe1+ 57. Kd4 Kf4 58. Kd3 Qe4+ 59. Kd2 Qe3+ 60. Kd1 Qf2 61. Kc1 Qe2 62. Kb1 Qd2 63. Ka1 Ke3 64. Kb1 Kd3 65. Ka1 Kc3 66. Kb1 Qb2# 0-1

[Event "Titled Tuesday intern op 04th Jul Early"]
[Site "Chess.com INT"]
[Date "2023.07.04"]
[Round "3"]
[White "Coelho, Ramyres Santana"]
[Black "Sadykov, Ramil"]
[Result "0-1"]
[WhiteElo "1981"]
[BlackElo "2345"]
[PlyCount "92"]
[EventDate "2023.07.04"]
[EventType "swiss (blitz)"]
[EventRounds "11"]
[EventCountry "USA"]
[SourceTitle "EXT 2024"]
[Source "ChessBase"]
[SourceDate "2023.10.10"]
[SourceVersion "1"]
[SourceVersionDate "2023.10.10"]
[SourceQuality "1"]

1. e4 c5 2. Nf3 Nc6 3. d4 cxd4 4. c3 dxc3 5. Nxc3 e6 6. Bc4 Bb4 7. 0-0 Nge7 8. a3 Bxc3 9. bxc3 d5 10. exd5 exd5 11. Bd3 0-0 12. Ng5 Bf5 13. Bxf5 Nxf5 14. Qh5 h6 15. Nh3 Qf6 16. Bd2 Ne5 17. f4 Nc4 18. Be1 Nfe3 19. Rf3 Rfe8 20. g4 Nc2 21. g5 Qg6 22. Qxg6 fxg6 23. Rd1 Rxe1+ 24. Rxe1 Nxe1 25. Rf1 Nc2 26. gxh6 gxh6 27. f5 g5 28. Nf2 N4e3 29. Rc1 Rc8 30. Nd3 Rxc3 31. Ne5 d4 32. f6 d3 33. f7+ Kg7 34. Rb1 b6 35. h4 d2 36. hxg5 hxg5 37. Rf1 Nxf1 38. f8Q+ Kxf8 39. Ng6+ Kg7 40. Ne5 d1Q 41. Nf3 Nd2+ 42. Kg2 Qxf3+ 43. Kh2 Qg3+ 44. Kh1 Qh3+ 45. Kg1 Rg3+ 46. Kf2 Rg2# 0-1

[Event "Titled Tuesday intern op 04th Jul Early"]
[Site "Chess.com INT"]
[Date "2023.07.04"]
[Round "7"]
[White "Toncheva, Nadya"]
[Black "Coelho, Ramyres Santana"]
[Result "1-0"]
[WhiteElo "2263"]
[BlackElo "1981"]
[PlyCount "49"]
[EventDate "2023.07.04"]
[EventType "swiss (blitz)"]
[EventRounds "11"]
[EventCountry "USA"]
[SourceTitle "EXT 2024"]
[Source "ChessBase"]
[SourceDate "2023.10.10"]
[SourceVersion "1"]
[SourceVersionDate "2023.10.10"]
[SourceQuality "1"]

1. e4 c5 2. Nf3 d6 3. c3 Nc6 4. d4 cxd4 5. cxd4 Nf6 6. Be2 e6 7. Nc3 Be7 8. 0-0 0-0 9. h3 b6 10. Be3 Bb7 11. Qd2 Rc8 12. Rfd1 Na5 13. e5 dxe5 14. Nxe5 Ne4 15. Nxe4 Bxe4 16. f3 Bb7 17. Bd3 f6 18. Ng4 Nc4 19. Qe2 Nxe3 20. Qxe3 h5 21. Qxe6+ Kh8 22. Qf5 Qxd4+ 23. Kh1 Kg8 24. Nh6+ gxh6 25. Qh7# 1-0

[Event "Titled Tuesday intern op 27th Jun Early"]
[Site "Chess.com INT"]
[Date "2023.06.27"]
[Round "8"]
[White "Coelho, Ramyres Santana"]
[Black "Hambleton, Aman"]
[Result "0-1"]
[WhiteElo "1981"]
[BlackElo "2420"]
[PlyCount "228"]
[EventDate "2023.06.27"]
[EventType "swiss (blitz)"]
[EventRounds "11"]
[EventCountry "USA"]
[SourceTitle "EXT 2024"]
[Source "ChessBase"]
[SourceDate "2023.10.10"]
[SourceVersion "1"]
[SourceVersionDate "2023.10.10"]
[SourceQuality "1"]

1. e4 b6 2. d4 Bb7 3. Nc3 e6 4. f3 d5 5. e5 Bb4 6. a3 Bxc3+ 7. bxc3 Ba6 8. Bxa6 Nxa6 9. Qd3 Nb8 10. Ne2 Nc6 11. 0-0 Na5 12. f4 Ne7 13. Ng3 g6 14. a4 Nc4 15. Ba3 Nf5 16. Nxf5 exf5 17. Rfb1 Qd7 18. Rb4 Qc6 19. Rxc4 Qxc4 20. Qxc4 dxc4 21. d5 0-0-0 22. d6 c5 23. a5 Kb7 24. Rb1 Kc6 25. axb6 axb6 26. Bc1 f6 27. Bd2 Rhe8 28. Re1 Re6 29. Re3 Rde8 30. Rh3 fxe5 31. fxe5 Rxe5 32. Rxh7 Rd5 33. Bf4 Re2 34. Rc7+ Kb5 35. Kf1 Rxc2 36. Re7 Rxc3 37. Re1 Rcd3 38. Rb1+ Kc6 39. h3 b5 40. Kf2 b4 41. Ra1 c3 42. Ra6+ Kb5 43. Ra7 b3 44. Rb7+ Kc4 45. Rc7 b2 46. Rb7 Rxd6 47. Bxd6 Rxd6 48. Kf3 Rd1 49. Kf4 b1Q 50. Rxb1 Rxb1 51. Kg5 Rg1 52. Kxg6 Rxg2+ 53. Kxf5 Rh2 54. h4 Rxh4 55. Kg5 Rd4 56. Kf5 Kd3 57. Ke5 c2 58. Kf5 c4 59. Ke5 c3 60. Kf5 c1N 61. Ke5 Na2 62. Kf5 c2 63. Ke5 c1B 64. Kf5 Re4 65. Kg6 Re5 66. Kf6 Be3 67. Kxe5 Nc3 68. Kf5 Kd4 69. Ke6 Bf4 70. Kf5 Be5 71. Kg4 Ke4 72. Kh3 Ne2 73. Kg4 Bf4 74. Kh5 Nd4 75. Kg6 Be5 76. Kf7 Kf5 77. Ke7 Nf3 78. Kd7 Ke4 79. Kc8 Kd5 80. Kb7 Kc5 81. Kc8 Nd4 82. Kd7 Kd5 83. Ke7 Nf5+ 84. Kf7 Bd4 85. Kg6 Ke5 86. Kg5 Ne3 87. Kh4 Kf5 88. Kg3 Ke4 89. Kf2 Bc3 90. Ke2 Nf5 91. Kf2 Kf4 92. Kg2 Ng3 93. Kf2 Bd4+ 94. Ke1 Ke3 95. Kd1 Kd3 96. Ke1 Be3 97. Kd1 Bg1 98. Kc1 Kc3 99. Kd1 Bf2 100. Kc1 Ne4 101. Kd1 Kd3 102. Kc1 Nd2 103. Kd1 Bd4 104. Ke1 Be3 105. Kd1 Bf2 106. Kc1 Nc4 107. Kd1 Nb2+ 108. Kc1 Kc3 109. Kb1 Kb3 110. Kc1 Be3+ 111. Kb1 Bd2 112. Ka1 Nc4 113. Kb1 Na3+ 114. Ka1 Bc3# 0-1

[Event "Titled Tuesday intern op 27th Jun Late"]
[Site "Chess.com INT"]
[Date "2023.06.27"]
[Round "4"]
[White "Moral Garcia, Serafin"]
[Black "Coelho, Ramyres Santana"]
[Result "0-1"]
[WhiteElo "2240"]
[BlackElo "1981"]
[PlyCount "80"]
[EventDate "2023.06.27"]
[EventType "swiss (blitz)"]
[EventRounds "11"]
[EventCountry "USA"]
[SourceTitle "EXT 2024"]
[Source "ChessBase"]
[SourceDate "2023.10.10"]
[SourceVersion "1"]
[SourceVersionDate "2023.10.10"]
[SourceQuality "1"]

1. c4 Nf6 2. Nc3 g6 3. g3 d6 4. Bg2 Bg7 5. Rb1 0-0 6. b4 e5 7. d3 Nc6 8. Nf3 Nd4 9. Nxd4 exd4 10. Ne4 Nxe4 11. Bxe4 Re8 12. 0-0 h5 13. Bf4 h4 14. Qd2 h3 15. a4 c6 16. b5 d5 17. Bf3 f6 18. Bh6 g5 19. Bxg7 Kxg7 20. c5 Qe7 21. Rfc1 g4 22. Bh1 Qxe2 23. Qf4 Qxd3 24. bxc6 bxc6 25. Qc7+ Kg6 26. Qxc6 Bf5 27. Qxd5 Rad8 28. Qa2 Re2 29. Qa1 Rde8 30. c6 Qd2 31. Rf1 Bxb1 32. Qxb1+ d3 33. c7 Rxf2 34. Rxf2 Re1+ 35. Qxe1 Qxe1+ 36. Rf1 Qe3+ 37. Rf2 d2 38. Be4+ Qxe4 39. c8Q d1Q+ 40. Rf1 Qg2# 0-1

[Event "Titled Tuesday intern op 30th May Early"]
[Site "Chess.com INT"]
[Date "2023.05.30"]
[Round "7"]
[White "Coelho, Ramyres Santana"]
[Black "Garakov, Mikhael"]
[Result "0-1"]
[WhiteElo "1981"]
[BlackElo "2447"]
[PlyCount "88"]
[EventDate "2023.05.30"]
[EventType "swiss (blitz)"]
[EventRounds "11"]
[EventCountry "USA"]
[SourceTitle "CBM 214 Extra"]
[Source "ChessBase"]
[SourceDate "2023.07.31"]
[SourceVersion "1"]
[SourceVersionDate "2023.07.31"]
[SourceQuality "1"]

1. e4 c5 2. Nf3 e6 3. d4 cxd4 4. c3 d3 5. Bxd3 Nc6 6. 0-0 d6 7. Qe2 Nf6 8. Rd1 Qc7 9. Bg5 Be7 10. Na3 a6 11. Nc4 b5 12. Ncd2 h6 13. Bh4 Bd7 14. Rac1 0-0 15. Nf1 Qb7 16. h3 Rac8 17. Bb1 Rfe8 18. Bxf6 Bxf6 19. Rxd6 Ne5 20. Nxe5 Bxe5 21. Rd3 b4 22. Rcd1 Bb5 23. Ne3 bxc3 24. bxc3 Rxc3 25. Ng4 Bxd3 26. Bxd3 Bd4 27. Bxa6 Qb6 28. Bb5 Rb8 29. a4 h5 30. Nh2 Rbc8 31. Nf3 Rc2 32. Rd2 Rc1+ 33. Kh2 Qc7+ 34. g3 Be5 35. Rd7 Qc5 36. Qd2 Rc2 37. Rd8+ Rxd8 38. Qxd8+ Kh7 39. Ng5+ Kg6 40. Kh1 Qxf2 41. Be2 Rxe2 42. Qf6+ gxf6 43. Nf3 Qxf3+ 44. Kg1 Qg2# 0-1

[Event "Titled Tuesday intern op 30th May Early"]
[Site "Chess.com INT"]
[Date "2023.05.30"]
[Round "6"]
[White "Coelho, Ramyres Santana"]
[Black "Sadykov, Ramil"]
[Result "0-1"]
[WhiteElo "1981"]
[BlackElo "2345"]
[PlyCount "106"]
[EventDate "2023.05.30"]
[EventType "swiss (blitz)"]
[EventRounds "11"]
[EventCountry "USA"]
[SourceTitle "CBM 214 Extra"]
[Source "ChessBase"]
[SourceDate "2023.07.31"]
[SourceVersion "1"]
[SourceVersionDate "2023.07.31"]
[SourceQuality "1"]

1. e4 e5 2. Nf3 Nf6 3. d4 Nxe4 4. Nxe5 d6 5. Nf3 Be7 6. Bd3 Nf6 7. 0-0 Bg4 8. h3 Bh5 9. Be2 0-0 10. Nc3 Re8 11. Bg5 Nbd7 12. Re1 h6 13. Bh4 c6 14. Nd2 Bxe2 15. Rxe2 d5 16. Qf1 Bb4 17. Rae1 Rxe2 18. Qxe2 Bxc3 19. bxc3 Qa5 20. Bxf6 Nxf6 21. Qd3 Qxa2 22. Re7 b5 23. Nf3 Qa1+ 24. Kh2 Qa3 25. Re2 a5 26. Ne5 Qd6 27. f4 a4 28. Re3 a3 29. Rg3 Ne4 30. Rg4 a2 31. f5 a1Q 32. Qe3 Qxc3 33. Qf4 Qxd4 34. Nf3 Qxf4+ 35. Rxf4 Qe3 36. Rg4 h5 37. Rh4 g6 38. fxg6 fxg6 39. c4 bxc4 40. Ne5 Qg3+ 41. Kg1 Qxh4 42. Nf3 Qg3 43. Kf1 Ra2 44. Nd2 Rxd2 45. h4 Kf7 46. Kg1 Kf6 47. Kf1 Kf5 48. Kg1 Kf4 49. Kf1 Ke3 50. Kg1 Ke2 51. Kh1 Ke1 52. Kg1 Rd1 53. Kh1 Ke2# 0-1

[Event "Titled Tuesday intern op 30th May Early"]
[Site "Chess.com INT"]
[Date "2023.05.30"]
[Round "8"]
[White "Gavrilin, Roman"]
[Black "Coelho, Ramyres Santana"]
[Result "1-0"]
[WhiteElo "2128"]
[BlackElo "1981"]
[PlyCount "151"]
[EventDate "2023.05.30"]
[EventType "swiss (blitz)"]
[EventRounds "11"]
[EventCountry "USA"]
[SourceTitle "CBM 214 Extra"]
[Source "ChessBase"]
[SourceDate "2023.07.31"]
[SourceVersion "1"]
[SourceVersionDate "2023.07.31"]
[SourceQuality "1"]

1. e4 c5 2. Nf3 d6 3. d4 cxd4 4. Nxd4 Nf6 5. Nc3 a6 6. h3 e6 7. g4 b5 8. Bg2 Bb7 9. g5 Nfd7 10. h4 Qc7 11. Be3 Nc6 12. Qd2 Rc8 13. Nce2 Nde5 14. b3 Be7 15. f3 0-0 16. 0-0 Nxd4 17. Nxd4 d5 18. exd5 Bxd5 19. h5 Bc5 20. c3 Nc6 21. Rac1 Qe7 22. f4 Bxg2 23. Qxg2 Nxd4 24. cxd4 Bd6 25. Qe4 Qd7 26. Kg2 Rxc1 27. Rxc1 Rc8 28. Rxc8+ Qxc8 29. h6 Bf8 30. hxg7 Bxg7 31. Kf3 a5 32. d5 exd5 33. Qxd5 Qh3+ 34. Ke2 Qh2+ 35. Kd3 Bf8 36. Qxb5 Qxa2 37. Qc4 Qb1+ 38. Ke2 Qb2+ 39. Kf3 Qh2 40. Qb5 Qh1+ 41. Ke2 Qg2+ 42. Bf2 Qe4+ 43. Be3 Qc2+ 44. Kf3 Qd1+ 45. Kg2 Qd8 46. Kf3 Bb4 47. Qc4 Qa8+ 48. Qe4 Qd8 49. Qd4 Qa8+ 50. Ke2 Qf8 51. Kd3 Qg7 52. Qxg7+ Kxg7 53. Bd4+ Kg6 54. Ke4 Be7 55. Be3 f5+ 56. gxf6 Kxf6 57. Bd4+ Ke6 58. f5+ Kf7 59. Bc3 Bd8 60. Kd5 h5 61. Ke4 h4 62. Kf3 Ke8 63. Kg4 Kd7 64. Be1 h3 65. Kxh3 Kd6 66. Kg4 Ke5 67. Bc3+ Kd6 68. Kh5 Ke7 69. Kg6 Kf8 70. f6 Kg8 71. f7+ Kf8 72. Bg7+ Ke7 73. f8Q+ Kd7 74. Qf5+ Ke8 75. Bc3 a4 76. Qf7# 1-0

[Event "Titled Tuesday intern op 23rd May Early"]
[Site "Chess.com INT"]
[Date "2023.05.23"]
[Round "3"]
[White "Coelho, Ramyres Santana"]
[Black "Bogaudinov, Rushan"]
[Result "0-1"]
[WhiteElo "1981"]
[BlackElo "1939"]
[PlyCount "92"]
[EventDate "2023.05.23"]
[EventType "swiss (blitz)"]
[EventRounds "11"]
[EventCountry "USA"]
[SourceTitle "CBM 214 Extra"]
[Source "ChessBase"]
[SourceDate "2023.07.31"]
[SourceVersion "1"]
[SourceVersionDate "2023.07.31"]
[SourceQuality "1"]

1. e4 c5 2. Nf3 e6 3. d4 cxd4 4. c3 a6 5. cxd4 d5 6. e5 Nc6 7. Nc3 b5 8. Bg5 Qb6 9. Bd3 Bd7 10. Be3 Nge7 11. 0-0 Na5 12. Rc1 Rc8 13. Qe2 Nc4 14. b3 Nxe3 15. fxe3 b4 16. Na4 Bxa4 17. Rxc8+ Nxc8 18. bxa4 Be7 19. Bxa6 0-0 20. Rc1 Na7 21. Bb5 g6 22. Ne1 Rb8 23. h3 Nxb5 24. axb5 Qxb5 25. Rc8+ Kg7 26. Qxb5 Rxb5 27. Rc7 Bg5 28. Kf2 Ra5 29. Rc2 Ra3 30. Re2 b3 31. axb3 Rxb3 32. Nf3 Be7 33. Nd2 Rd3 34. Nf3 h5 35. Rd2 Rb3 36. Rc2 Ba3 37. g4 Rb1 38. Rc7 Rb2+ 39. Kg3 Rb3 40. Kf2 Bc1 41. e4 Be3+ 42. Ke2 dxe4 43. Ne1 Bxd4 44. Nc2 Rb2 45. Kd1 Bxe5 46. gxh5 Bxc7 0-1